| 000 | 00712cab a2200241 4500 | ||
|---|---|---|---|
| 001 | ABS57545 | ||
| 008 | 090401t1997 xxu||||| |||| 00| 0 eng d | ||
| 035 | _a(Sirsi) u80359 | ||
| 041 | _aeng | ||
| 245 | _aModernising appeals procedures | ||
| 260 | _c1997 | ||
| 350 | _a0 | ||
| 490 |
_aIRRV Insight _v(7) August 1997, 179-181(3) |
||
| 520 | _aReports on the government`s financial management and policy review of the valuation tribunal service which is due in late Summer 1997. | ||
| 650 | _aAPPEAL PROCEDURE | ||
| 650 | _aREFORM | ||
| 650 | _aREVIEW | ||
| 650 | _aVALUATION OFFICE AGENCY | ||
| 650 | _aVALUATION TRIBUNALS | ||
| 690 | _aRATING AND VALUATION | ||
| 942 | _n0 | ||
| 948 | _c20/08/1997 | ||
| 999 |
_c50614 _d50614 |
||